Responses for Show #7979 - Thursday, April 25, 2019

James Holzhauer game 16.

Contestants

[<< previous game]

Alix Basden, a student from Lafayette, Louisiana

Tim Hall, a data analyst from Washington, D.C.

James Holzhauer, a professional sports gambler from Las Vegas, Nevada (whose 15-day cash winnings total $1,135,175)

[next game >>]

Jeopardy! Round responses

ROGUES GALLERY
LAKE NAME-IS-MEMORABLE
CELEBS ON TWITTER
WHAT'S FOR DINNER?
CHINESE
TAKE "OUT"
    $200 28
Henry Morgan

James
    $200 29
Augusta

James
    $200 30
Ryan Reynolds

James
    $200 24
(Alex: With less than a minute.)

sweet and sour

James
    $200 25
a pig

James
    $200 26
a stakeout

James
    $400 27
Charles II

James
    $400 16
Massachusetts

James
    $400 22
(Tommy) Chong

Tim
    $400 23
tamales

Tim
    $400 13
calligraphy

Alix
    $400 20
Outback

Alix
    $6,600 17
Australia

James
    $600 12
Winnebago

James
    $600 15
Mindy Kaling

James
    $600 21
oysters

Alix
    $600 10
gunpowder

James
    $600 19
a dugout

Tim
    $800 8
Casanova

James
    $800 11
Bill Murray

James
    $800 14
Gordon Ramsay

Tim
    $800 6
frittata

James
    $800 9
the Yellow River

Tim
    $800 18
outpatient

James
    $1000 7
Duchess

Alix
    $1000 1
(Alex: James, tell me which $1,000 clue you would like to start off with.)
[Laughter]
(James: LAKE NAME-IS-MEMORABLE, please.)
(Alex: All right.)

lake monsters

Triple Stumper
    $1000 2
Conan O'Brien

James
    $1000 5
Ethiopia

Tim
    $1000 3
Confucius

James
    $1000 4
(Tim: What is performance?)

outsider art

Tim
Triple Stumper

Scores at the first commercial break (after clue 15):

James Tim Alix
$6,200 $1,600 $1,400

Scores at the end of the Jeopardy! Round:

James Tim Alix
$15,600 $3,000 $2,400

Double Jeopardy! Round responses

ICONIC PAINTINGS
ENERGY
MOVIES IN THE DIRECTV GUIDE
NOVEL CHARACTERS
HISTORY
OCCUPATIONAL VERBS
    $400 28
[The end-of-round signal sounds.]

Mona Lisa

James
    $400 27
battery

James
    $400 22
Sixteen Candles

James
    $400 17
the Cowardly Lion

James
    $11,381 8
Venus

James
    $800 26
liquid

Alix
    $800 21
La La Land

Alix
    $800 12
Charles Xavier

James
    $800 6
Elizabeth I

James
    $800 15
butcher

Alix
    $1200 1
(René) Magritte

Alix
    $11,914 24
(Alex: Less than a minute now.)

unleaded

James
    $1200 19
The Blues Brothers

James
    $1200 10
Rabbit Angstrom

James
    $1200 4
Burma (or Myanmar)

James
    $1200 14
shepherd

Tim
    $1600 2
La Grande Jatte

James
    $1600 23
a watt

James
    $1600 18
Good Will Hunting

Alix
    $1600 9
Emma

James
    $1600 3
(Tim: Who is Carnegie?)

(Cornelius) Vanderbilt

JamesTim
    $1600 13
cop

James
    $2000 7
The Persistence of Memory

James
    $2000 25
shale

James
    $2000 20
(James: What is Snatch?)

Pulp Fiction

JamesAlix
    $2000 11
(Alex: Made a great film.)

Double Indemnity

Triple Stumper
    $2000 5
a plebeian

Triple Stumper
    $2000 16
soldier

Triple Stumper

Scores at the end of the Double Jeopardy! Round:

James Tim Alix
$55,695 $2,600 $9,600
(lock game)

[wagering suggestions for these scores]

Final Jeopardy! Round responses

THE ELEMENTS
(Alex: [To James] When you run out of names, could you start saying hi to friends of mine and family members of mine?)
(James: It's a deal.)
TimWhat is americium
$2,600
AlixWhat is americium?
$4,000
JamesWhat is europium? Hi Jessa ♥
$35,117
europium

Final scores:

James Tim Alix
$90,812 $0 $5,600
16-day champion: $1,225,987 3rd place: $1,000 2nd place: $2,000

Game dynamics:

Coryat scores:

James Tim Alix
$28,400 $2,600 $9,600
36 R
(including 3 DDs),
1 W
7 R,
2 W
10 R,
0 W

Combined Coryat: $40,600

[game clues] [game scores] [suggest correction]

Game tape date: 2019-02-26
The J! Archive is created by fans, for fans. Scraping, republication, monetization, and malicious use prohibited; this site may use cookies and collect identifying information. See terms. The Jeopardy! game show and all elements thereof, including but not limited to copyright and trademark thereto, are the property of Jeopardy Productions, Inc. and are protected under law. This website is not affiliated with, sponsored by, or operated by Jeopardy Productions, Inc. Join the discussion at JBoard.tv.